01007nam a22001577a 4500008004100000040005500041080001400096245003400110260004300144500039900187650001600586700003100602942001200633999001700645952018700662230721b |||||||| |||| 00| 0 eng d aNational Science LibrarycNational Science Library a576.8(05) aAnnual review of microbiolgy  aPalo Alto: bAnnual Review Inc, c1983 aVol. 24 (Annual review of microbiolgy) ix, 624p. Vol. 33 (Annual review of microbiolgy) , 701p. Vol. 20 (Annual review of microbiolgy) vii, 557p. Vol. 37 (Annual review of microbiolgy) viii, 676p. Vol. 38 (Annual review of microbiolgy) x, 613p. Vol. 18 (Annual review of microbiolgy) vii, 394p. Vol. 22 (Annual review of microbiolgy) vii, 596p. Vol. 40 (Annual review of microbiolgy) x, 712p.  aBiological  aOrnston, L Nicholas (Ed.)  cBK2udc c54822d54822 00102udc40657680570994040aNSLbNSLcFF/Rk-47/C-1/R-2d1984-02-27h Vol. 37 (Annual review of microbiolgy) viii, 676p.l0o576.8(05)p107247r2023-07-24 00:00:00w1984-02-27yBK